000
00238nam a2200097Ia 4500
008
220204s9999 xx 000 0 und d
100
_a
Hawkins, W
245
0
_a
Polymer stabilization
260
_a
New York
_b
Wiley International
942
_c
BK
999
_c
24577
_d
24577